Vóleibol: de la iniciación al perfeccionamiento

Saved in:
Bibliographic Details
Main Authors: Martínez J., Hugo (autor), Holz B., Miguel (Author)
Format: Book
Language:Spanish
Published: Santiago s.n 1970
Series:Tiempo Libre
Subjects:
Tags: Add Tag
No Tags, Be the first to tag this record!

MARC

LEADER 00000nam a2200000 a 4500
001 UCZ0694
003 CL-VaPUC
008 950809e19700000CL |||||||||||||||||spa|d
082 0 4 |a 796.325  |b MAR  |2 21 
100 |a Martínez J., Hugo  |e autor  |9 343826 
700 0 |a Holz B., Miguel  |e author  |9 343827 
245 1 0 |a Vóleibol: de la iniciación al perfeccionamiento 
300 |a 106 p 
942 |c BK 
945 |d 19950809 00:00:00  |a mfernand 
260 |a Santiago  |b s.n  |c 1970 
650 0 |a Voleibol  |9 307522 
650 7 |a JUEGOS DE PELOTA  |2 CL-VaPUC  |9 340284 
650 7 |a DEPORTE  |2 CL-VaPUC  |9 343828 
583 |a last modification  |c 20120903 11:11:07  |k Rodrigo Vera 
490 0 |a Tiempo Libre 
999 |c 237604  |d 237602 
952 |0 0  |1 0  |4 0  |6 796_325000000000000_MAR_1970  |7 0  |8 P  |9 246996  |a BIBEDU  |b BIBEDU  |c BIBEDU_PB  |d 2019-11-18  |i 1558145  |o 796.325 MAR 1970  |p 1558145  |r 2019-11-18  |w 2019-11-18  |y BK  |k EDU 
952 |0 0  |1 0  |4 0  |6 796_325000000000000_MAR_1970  |7 0  |8 P  |9 246997  |a BIBEDU  |b BIBEDU  |c BIBEDU_PB  |d 2019-11-18  |i 1558153  |o 796.325 MAR 1970  |p 1558153  |r 2024-01-25  |w 2019-11-18  |y BK  |k EDU 
952 |0 0  |1 0  |4 0  |6 796_325000000000000_MAR_1970  |7 0  |8 P  |9 246998  |a BIBEDU  |b BIBEDU  |c BIBEDU_PB  |d 2019-11-18  |i 1558161  |o 796.325 MAR 1970  |p 1558161  |r 2024-01-25  |w 2019-11-18  |y BK  |k EDU